000 00731nam a2200217Ii 4500
003 JO-AjNU
008 230606s9999||||xx |||||||||||||| ||und||
020 _a978-1-4129-4521-9
040 _aJO-AjNU
_beng
_erda
_cJO-AjNU
041 _aeng
050 1 4 _aLC3986.G7.D85 2007
100 3 _aDukes. Chris. Maggie؛ illustrations Simon Smith,
_eauthor
_9104
245 0 0 _aWorking with Parents of Children with Special Educational Needs
250 _a1 ed
264 3 1 _aLondon: paul Chapman Publishing, 2007
300 _a123p
336 _atext
_btxt
_2rdacontent
337 _aunmediated
_bn
_2rdamedia
338 _avolume
_bnc
_2rdacarrier
650 4 _a Parents of children with disabilities -- Counseling of -- United States. 
_9105
999 _aE56
_c56
_d56